000 00579nam a22001817a 4500
005 20231101135132.0
008 231101b |||||||| |||| 00| 0 eng d
020 _a0702118141
041 _aEnglish
082 _a346.7 GOR
100 _aDavis, DM
_lEnglish
245 _a1986 Supplement to Gordon and Getz on :
_bThe South African Law of Insurance /
_cDM Davies
250 _aThird Edition
260 _aCape Town :
_bJuta and Company Ltd,
_c1986
300 _bvii, 29 pages ;
_c25,5 cm
650 _aLegal practice
_bLaw
942 _cBK
_6ALISON_BN_VRIES
999 _c228
_d228